000 01207cam a2200253 4500
001 ABS64305
008 010727n2001 000 0 eng u
035 _a(Sirsi) u113832
100 _aKochan, B.
245 _aURCs: relying on other bodies to fulfil visions
260 _c2001
490 _aUrban Environment Today
_v(125) 5 July 2001, 8-10(2)
520 _aLooks at the prospects of the urban regeneration companies set up in the wake of the Urban Task Force report to spearhead commercial and housing renewal. Acknowledges that the new companies have successfully set up plans incorporating the issues which affect their areas, but argues that the companies rely on the powers of existing public agencies to take their projects foward. At the same time the URCs need greater powers and signicant funding to be able to make a significant difference. Describes URCs in Manchester, Sheffield and and Liverpool.
590 _aABS
650 _aURBAN REGENERATION COMPANIES
650 _aURBAN TASK FORCE
650 _aMANCHESTER
650 _aLIVERPOOL
650 _aSHEFFIELD
650 _aREGIONAL DEVELOPMENT AGENCIES
690 _aREGENERATION
700 _aChapman, C.
942 _n0
999 _c67817
_d67817